000 02203nam a22003134a 4500
001 494
003 BR-RjBN
005 20260129100230.0
008 121113s2011 spb g 000 f por
020 _a9788580410266
040 _bpor
041 1 _apor
_heng
082 0 4 _a813
_bH835m
100 _aHouck, Colleen,
_d1969-
_91066
240 0 0 _aTiger's curse.
245 1 2 _aA maldição do tigre /
_cColleen Houck ; [tradução: Raquel Zampil]
260 _aSão Paulo :
_bArqueiro,
_c2011.
300 _a344p. ;
500 _a
520 _aKelsey Hayes perdeu os pais recentemente e precisa arranjar um emprego para custear a faculdade. Contratada por um circo, ela é arrebatada pela principal atração: um lindo tigre branco. Kelsey sente uma forte conexão com o misterioso animal de olhos azuis e, tocada por sua solidão, passa a maior parte do seu tempo livre ao lado dele. O que a jovem órfã ainda não sabe é que seu tigre Ren é na verdade Alagan Dhiren Rajaram, um príncipe indiano que foi amaldiçoado por um mago há mais de 300 anos, e que ela pode ser a única pessoa capaz de ajudá-lo a quebrar esse feitiço. Determinada a devolver a Ren sua humanidade, Kelsey embarca em uma perigosa jornada pela Índia, onde enfrenta forças sombrias, criaturas imortais e mundos místicos, tentando decifrar uma antiga profecia. Ao mesmo tempo, se apaixona perdidamente tanto pelo tigre quanto pelo homem. A maldição do tigre é o primeiro volume de uma saga fantástica e épica, que apresenta mitos hindus, lugares exóticos e personagens sedutores. Lançado originalmente como e-book, o livro de estreia de Colleen Houck ficou sete semanas no primeiro lugar da lista de mais vendidos da Amazon, entrando depois na do The New York Times. "Um romance delicado e uma aventura capaz de deixar o coração a mil por hora. Eu vibrei e roí as unhas. A maldição do tigre é mágico!" (Becca Fitzpatrick, autora da série Sussurro)
650 0 0 _aLiteratura Americana
_984
650 0 0 _aAventura
_947
650 0 0 _aFantasia
_945
650 0 0 _aMagia
_9785
655 _aRomance
_923
655 _aFicção
_922
700 _aZampil, Raquel
_eTRADUTORA
_9898
942 _2ddc
_n0
_cBK
999 _c494
_d494